| 000 | 02032nam0a2200385 4500 | ||
|---|---|---|---|
| 001 | RU\NLR\bibl\496267 | ||
| 005 | 20250623200532.0 | ||
| 010 |
_a5-7968-0042-6 _9450 |
||
| 035 | _a(NLR Aleph) 000488893 | ||
| 090 |
_a1100875 _c1100875 |
||
| 100 | _a20040302d2002 |||y0rusy50 ca | ||
| 101 | 0 |
_arus _deng |
|
| 102 | _aRU | ||
| 105 | _aa ||||||||| | ||
| 200 | 1 |
_aЧеловек на Севере: проблемы качества жизни _eМатериалы межрегион. науч. семинара, 29-31 янв. 2002 г. |
|
| 210 |
_aПетропавловск-Камчатский _cИзд-во Камч. гос. пед. ун-та _d2002 |
||
| 215 |
_a221 с. _cил. _d20 |
||
| 300 | _aВ надзаг.: Администрация Камч. обл., Камч. гос. пед. ун-т, Камч. ин-т экологии и природопользования ДВО РАН, Лаб. науч. исслед. Камч. ИПК и ППК | ||
| 300 | _aРез. на англ. яз. | ||
| 320 | _aБиблиогр. в конце ст. | ||
| 606 | 0 |
_aЗдоровье _jСъезды, совещания и т.п. _xВлияние полярного климата _yРоссийская Федерация _yСевер _92287006 _3RU\NLR\auth\661369880 |
|
| 606 | 0 |
_aОбразование _jСъезды, совещания и т.п. _yРоссийская Федерация _yСевер _92462711 _3RU\NLR\AUTH\661463215 |
|
| 607 |
_aРоссийская Федерация _jСъезды, совещания и т.п. _xНаселение _xСоциально-психологические исследования _yСевер _92322560 _3RU\NLR\auth\661389405 |
||
| 686 | 1 | _aР120.172.4я431(2) | |
| 686 | 1 | _aР11(2)09(2Р1)я431(2) | |
| 686 | 1 | _aС550.6я431 | |
| 686 | 1 | _aЮ937.2я431 | |
| 686 | 1 | _aЧ34(2Р)я431 | |
| 801 | 0 |
_aRU _bNLR _c20040302 _gPSBO |
|
| 801 | 1 |
_aRU _bNLR _c20040302 |
|
| 942 | _cBOOK | ||
| 980 | _aNB | ||